000 00950nam0a22002891 4500
001 rc\2140772
005 20110826162434.1
035 _a(NLR Aleph) 006539162
090 _a6617784
_c6617784
100 _a20110826d1978 |||y0rusy50 ca
101 0 _arus
102 _aRU
105 _aa z |||||
200 1 _aМетодика оценки водных преград
210 _aМосква
_cВоениздат
_d1978
215 _a159 с., 1 л. номогр.
_cил.
_d20
300 _aПеред загл. авт.: Полк.-инж. В.М. Крят, к. воен. н.
320 _aСписок лит.: с. 159
606 _aВодные преграды
_xОценка
_2psbo
700 1 _aКрят
_bВ. М.
_gВиктор Михайлович
801 0 _aRU
_bNLR
_gpsbo
801 1 _aRU
_bELAR
_2rusmarc
852 _aNLR
_j78-3/6895
899 _aRuMoRGB
_jБ 78-23/699
899 _aRuMoRGB
_jВО 682/297
942 _cBOOK
980 _aNB